Normal view
MARC view
Entry Personal Name
001 - CONTROL NUMBER
- control field: 82260
003 - CONTROL NUMBER IDENTIFIER
- control field: dpl
005 - DATE AND TIME OF LATEST TRANSACTION
- control field: 20250624113209.0
008 - FIXED-LENGTH DATA ELEMENTS
- fixed length control field: 250624|| aca||aabn | a|a d
040 ## - CATALOGING SOURCE
- Original cataloging agency: dpl
- Transcribing agency: dpl
100 ## - HEADING--PERSONAL NAME
- Personal name: शर्मा, कुमुद
670 ## - SOURCE DATA FOUND
- Source citation: Work cat.: (dpl)209991: शर्मा, कुमुद, हिंदी के निर्माता/ , 2023
